Взрывы гремучего газа и каменноугольной пыли

Bibliographic Details
Main Author: Новосильцев И.
Language:Russian
Published: Москва, Типография "Профгортоп", 1923
Series:Библиотека горнорабочего
Subjects:
Format: MixedMaterials Book
KOHA link:https://koha.lib.tpu.ru/cgi-bin/koha/opac-detail.pl?biblionumber=226393

MARC

LEADER 00000nam0a2200000 4500
001 226393
005 20231031201141.0
010 |b 5000 экз. 
035 |a (RuTPU)RU\TPU\book\246768 
090 |a 226393 
100 |a 20121121d1923 m y0rusy50 ca 
101 0 |a rus 
102 |a RU 
105 |a af z 000zy 
200 1 |a Взрывы гремучего газа и каменноугольной пыли  |f И. Новосильцев 
210 |a Москва  |c Типография "Профгортоп"  |d 1923 
215 |a 24 с.  |c 1 л. табл. 
225 1 |a Библиотека горнорабочего  |h №6 
610 1 |a горное дело 
610 1 |a газообразование 
610 1 |a угольная пыль 
675 |a 622  |v 3 
700 1 |a Новосильцев  |b И. 
801 1 |a RU  |b 63413507  |c 20121121 
942 |c BK